Quizzes
Events
Quiz Creation
Community
Videos
Private Events
Remove Ads
Sign In
Join for FREE
Feedback
Dark Mode
Quiz Categories
Sports
Geography
Music
Movies
Television
Just For Fun
Miscellaneous
History
Literature
Language
Science
Gaming
Entertainment
Religion
Holiday
For Kids
Quiz Lab
Recent
Popular Today
Quiz Kudos Today
Editor Picks
Curator Picks
Quizzes by...
Day
Popularity
Type
Ratings
Length
Year
Community
Subscriptions
Recent Discussions
Orange Saloon
Badges
Playlists
Quests
Create
Leaderboards
Showdown
Live 5
Trivia Bingo
Activity
Puzzle Library
Sporcle Events
Private Events
Virtual Trivia
Globe League
Become a Host
Pub Owners
SporcleCon
Opinionation
Our Games
Videos
Blog
Mobile Apps
Partnerships
Remove Ads and Go Orange
Feedback
Television
TV Characters
TV Show
Sitcom
Network
Friends
Reality Shows
Cast
South Park
Star Trek
The Simpsons
Doctor Who
Television
TV Characters
TV Show
Sitcom
Network
Friends
Reality Shows
Cast
South Park
Star Trek
The Simpsons
Doctor Who
Random Quiz
Search Sporcle
×
Quiz Lab
Quiz Lab
Television
Cast
Type in answers that appear in a list
Type in answers that appear in a list
Classic
Best Score? Go Orange.
Who voted for me?! Stats
Can you name a castaway who voted for these Survivors?
By
SurvivorObsessed
10m
55 Questions
210 Plays
210 Plays
210 Plays
Comments
Comments
Give Quiz Kudos
Give Quiz Kudos
-
- Ratings
hide this ad
More Info
Forced Order
Answers have to be entered in order
Answers have to be entered in order
Replay
Link that replays current quiz
Next Quiz
Link to next quiz in quiz playlist
You Got
0%
They Got
Avg Score
73%
Avg Friend Score
Upgrade to see
Score Distribution
Jump to the score distribution portion of the page
Score
0/55
Timer
10:00
0
Plays Today
Survivor
Who voted for them
% Correct
Terry Deitz
Danielle
91.4%
Rob Mariano
Gabriel
89.5%
Jeff Kent
Artis
86.7%
Denise Stapley
Dawson
86.2%
Sandra Diaz-
Twine
Colby
85.7%
Colby Donaldson
Jeff
85.7%
Natalie White
Laura
85.2%
Cirie Fields
Tina
85.2%
Vytas Baskauskas
Kat
85.2%
Jerri Manthey
Kel
85.2%
Chet Welch
Mikey B
84.8%
Rupert Boneham
Jon
84.8%
Todd Herzog
Erik
84.3%
Randy Bailey
Crystal
84.3%
Shambo Waters
Dave
84.3%
Wes Nale
Jon
83.3%
Colleen Haskell
Ramona
83.3%
GC Brown
Kelly
82.9%
Bob Crowley
Matty
82.9%
Monica Culpepper
Jonas
82.4%
Rick Nelson
Keith
81.4%
Jim Rice
Papa Bear
81.4%
Michelle Yi
Alex
81%
Marty Piombo
Kelly
81%
Lauren O'Connell
Wendy
81%
Joel Anderson
Chet
80.5%
Tyler Fredrickson
Shirin
80.5%
Brendan Synnott
Coach
80%
Survivor
Who voted for them
% Correct
Sherri Biethman
Corinne
79.5%
Ashley Underwood
Rob
79.5%
Coby Archa
Stephenie
79%
Dirk Been
Richard
78.1%
Frank Garrison
Silas
78.1%
Deena Bennett
Alex
77.6%
Kel Gleason
Maralyn
77.6%
Joe del Campo
Jason
77.1%
Rocky Reid
Anthony
76.2%
Domenick Abbate
Donathan
76.2%
Zoe Zanidakis
Kathy
75.7%
Brianna Varela
Brian
75.2%
Cecilia Mansilla
Cao Boi
75.2%
Danni Boatwright
Lydia
74.3%
Jessie Camacho
Clarence
72.9%
Shawn Cohen
Michelle
72.9%
Penny Ramsey
Shii Ann
72.9%
Nick Wilson
Amber
72%
Brady Finta
John
71.4%
Julie McGee
Keith
71.4%
Ken Stafford
Erin
71%
Ryan Aiken
Roger
71%
Brooke Struck
Jamie
66.2%
Katie Hanson
Jeff
64.8%
Colton Cumbie
Matt
63.8%
Jenny Kim
Lydia
50%
Sifu Alsup
Dee
50%
Quiz Playlist
Details
Report
Send in Message
Add To Playlist
More Info:
Name any Survivor who cast a vote (that was not nullified by an idol) for the Survivors listed.
Classic:
Type in answers that appear in a list
Forced Order:
Answers have to be entered in order
Last Updated: Dec 1, 2022
Quiz Scoreboard
CHALLENGE
Sign Up to Join the Scoreboard
Show All
Scores
Hide
Comments
May contain spoilers
Recently Published
Presidents Visiting Landmarks
by Hejman
History
7m
An Introduction to Baseball
by treessimontrees
Sports
5m
Movies - When Are They Set?
by FPL_Elf
Movies
5m
More to Explore
Quiz From the Vault
Featured Blog Post
Where Did the Easter Bunny Come From?
hide this ad
You Might Also Like...
Tags
Cast Quiz
Survivor
Vote
Voted
Today's Top Quizzes in Television
Browse Television
hide this ad
Today's Top Quizzes in Cast
Browse Cast
Top Contributed Quizzes in Television
1
One Piece Logic Puzzle
2
5-to-1: The Simpsons Families
3
Survivor Logic Puzzle: Heroes vs. Villains
4
5-to-1: Television Doctors
5
7-to-1: TV Show Settings
6
Survivor Seasons
7
5-to-1: Streaming Originals
8
Survivor Season by Logo
9
One Thing in Common: Television
10
TV Shows by First Names
Explore More
Trending Topics
Harry Potter
Marvel
Anime
Crossword
Kpop
Disney
NBA
Soccer
The Office
Country
Pokémon
Puzzle
Song
NFL
WWE
hide this ad
More By:
SurvivorObsessed
Quiz
Plays
Rating
Category
Featured
Created
Survivor 1, 2 and 3 letter names
1,360
4.85
Television
Jun 15, 2014
Survivor returning players best average placement
974
4.89
Television
May 12, 2014
Survivor 4 letter names
911
5.00
Television
Jun 15, 2014
Survivor same name different spelling
840
4.54
Television
Jun 1, 2015
Survivor DVD covers
836
5.00
Television
May 1, 2015
Go to Creator's Profile
Score Distribution
Quiz Creator Spotlight
SurvivorObsessed
Follow
Send a Message
Quizzes Created
-
Created Quiz Play Count
-
More By This Creator
Popular Quizzes Today
1
Find the US States - No Outlines Minefield
2
Find the Countries of Europe - No Outlines Minefield
3
The Countries of the World
4
Popular People in 1961
5
Find the US States
6
US States
7
Risky Map Clicking: Biggest States A-Z
8
1-10 Letter E Words III
More Television Quizzes
Arrow Character Relationships
Quiz Lab
Trending Quizzes
Risky Map Clicking: Least Populous States A-Z
1-10 Letter G Words
1-10 Letter F Words
One Thing in Common: United Kingdom
Risky Map Clicking: Next State Alphabetically
Recently Updated
Leaping Animals
pecheneg
Reality TV Shows (A-Z)
bhenderson79
Rickey Henderson's Hall of Fame Teammates
pecheneg
Champions League XIs: Arsenal
pecheneg
Quick Pick: Celebrities in WWE's Hall of Fame
aduchscher
A-Z Keypad Blitz II
pecheneg
Multiple Oscar Actors
pecheneg
Mystery Phrase Blitz: Oscar 'Best Actors'
pecheneg
F. Scott Fitzgerald Novels
LTH
Pick 3 Villains
ddd62291
Trending Topics
Kpop
Anime
NBA
Harry Potter
Crossword
Disney
Marvel
The Office
NFL
Song
Soccer
WWE
Pokémon
Country
Puzzle
Your Account Isn't Verified!
In order to create a playlist on Sporcle, you need to verify the email address you used during registration. Go to your
Sporcle Settings
to finish the process.
Report this User
Report this user for behavior that violates our
Community Guidelines
.
Details:
Send Report
Go to the Sporcle.com Mobile Site →
Comments